Central Library OPAC University of Rajshahi

Exercises to Higher algebra / (Record no. 70502)

MARC details
000 -LEADER
fixed length control field 00833nam a2200253 a 4500
001 - CONTROL NUMBER
control field 70502
003 - CONTROL NUMBER IDENTIFIER
rucl marc code BD-RjUL
005 - DATE AND TIME OF LATEST TRANSACTION
control field 20211209082017.0
008 - FIXED-LENGTH DATA ELEMENTS--GENERAL INFORMATION
fixed length control field 170417s1954 nyu 001 0 eng
035 ## - SYSTEM CONTROL NUMBER
System control number (BD-RjUL)70716
040 ## - CATALOGING SOURCE
Original cataloging agency DLC
Transcribing agency OYU
Modifying agency BD-RjUL
Language of cataloging eng
041 1# - LANGUAGE CODE
Language code of text/sound track or separate title eng
Language code of original ger
082 ## - DEWEY DECIMAL CLASSIFICATION NUMBER
Classification number 512
Edition number 23
Author mark and year HAE 1954
100 1# - MAIN ENTRY--PERSONAL NAME
Personal name Hasse, Helmut,
Dates associated with a name 1898-1979.
9 (RLIN) 151120
245 00 - TITLE STATEMENT
Title Exercises to Higher algebra /
Statement of responsibility, etc. by Helmut Hasse and Walter Klobe. Translated from the 2d rev. and enl. German ed., by Theodore J. Benac.
260 ## - PUBLICATION, DISTRIBUTION, ETC. (IMPRINT)
Place of publication, distribution, etc. New York :
Name of publisher, distributor, etc. F. Ungar Pub. Co.,
Date of publication, distribution, etc. c1954.
300 ## - PHYSICAL DESCRIPTION
Pagination 212 p. :
Size 21 cm.
500 ## - GENERAL NOTE
General note Includes index
650 #0 - SUBJECT ADDED ENTRY--TOPICAL TERM
Topical term or geographic name as entry element Algebra
9 (RLIN) 117247
700 1# - ADDED ENTRY--PERSONAL NAME
Personal name Klobe, Walter,
Relator term joint author.
Personal name Hasse, Helmut,
Dates associated with a name 1898-1979.
942 ## - ADDED ENTRY ELEMENTS (KOHA)
Source of classification or shelving scheme Dewey Decimal Classification
Koha item type Books
Holdings
Lost status Source of classification or shelving scheme Damaged status Not for loan Collection code Permanent Location Current Location Shelving location Date acquired Source of acquisition Cost, normal purchase price Total Checkouts Full call number Date last seen Copy number Koha item type
  Dewey Decimal Classification   Not For Loan Non-fiction Central Library, University of Rajshahi Central Library, University of Rajshahi Reading Room 07/02/1962 Zetlinger 73.00   512 HAE 1954 17/04/2017 C-1 Books